000 00672nam a22002177a 4500
003 DO-SdBNP
005 20240313174435.0
007 ta
008 220131b2019 ||||| |||| 00| 0 spa d
020 _a9789945613193
040 _aDO-SdBNP
_bspa
_cBNPHU
082 4 _bD446e
_222
100 1 _aDeschamps, Enrique,
_d 1872-1933
_92573
245 1 3 _aEl espíritu de España en la liberación de la República Dominicana 1916-1924 /
_cEnrique Deschamps
260 _aSanto Domingo :
_bArchivo General de la Nación,
_c2019.
300 _a99 p. ;
_c22 cm.
490 1 _aCol. Cuardenos populares ;
_v6
590 _aInventariado, 2022 / DG
910 _aDG
942 _2ddc
_cLBS1
999 _c51262
_d51262